[Event "Titled Tuesday intern op 27th Feb Late"]
[Site "Chess.com INT"]
[Date "2024.02.27"]
[Round "7"]
[White "Da Matta, Eduardo Cesar"]
[Black "Rubio Tent, Francisco"]
[Result "0-1"]
[WhiteElo "2047"]
[BlackElo "2283"]
[PlyCount "116"]
[EventDate "2024.02.27"]
[EventType "swiss (blitz)"]
[EventRounds "11"]
[EventCountry "USA"]
[SourceTitle "CB10_2024"]
[SourceDate "2024.03.06"]
[SourceVersion "1"]
[SourceVersionDate "2024.03.06"]
[SourceQuality "1"]

1. d4 d5 2. c4 e6 3. Nc3 c5 4. cxd5 exd5 5. Nf3 Nc6 6. g3 Nf6 7. Bg2 Be7 8. dxc5 Bxc5 9. 0-0 0-0 10. Bg5 d4 11. Na4 Be7 12. Rc1 h6 13. Bxf6 Bxf6 14. Nc5 Re8 15. Nd2 Qa5 16. a3 Qb5 17. Nde4 Be7 18. b4 Bg4 19. Re1 Rad8 20. h3 Bh5 21. f4 f5 22. Nd2 Rd6 23. Nc4 Rf6 24. Ne5 Nxe5 25. fxe5 Rg6 26. Kh2 Bg5 27. Rc2 Rxe5 28. Nxb7 d3 29. Rc8+ Kh7 30. Rc5 Rxc5 31. Nxc5 dxe2 32. Qd7 Qxd7 33. Nxd7 Bd2 34. Nf8+ Kg8 35. Rxe2 Bxe2 36. Nxg6 Bc1 37. Ne7+ Kf7 38. Nxf5 Bxa3 39. Nd6+ Ke6 40. Nb5 Bxb5 41. g4 Bxb4 42. h4 Bd6+ 43. Kh3 a5 44. g5 hxg5 45. hxg5 Bd3 46. Bf3 Bf5+ 47. Bg4 Bxg4+ 48. Kxg4 a4 49. Kh5 a3 50. Kg6 a2 51. Kxg7 a1Q+ 52. Kh7 Qh1+ 53. Kg6 Ke7 54. Kg7 Be5+ 55. Kg6 Qb1+ 56. Kh6 Qb6+ 57. g6 Qf6 58. Kh7 Qg7# 0-1

[Event "Titled Tuesday intern op 27th Feb Late"]
[Site "Chess.com INT"]
[Date "2024.02.27"]
[Round "8"]
[White "Ivanov, Mikhail M"]
[Black "Da Matta, Eduardo Cesar"]
[Result "1-0"]
[WhiteElo "2275"]
[BlackElo "2047"]
[PlyCount "43"]
[EventDate "2024.02.27"]
[EventType "swiss (blitz)"]
[EventRounds "11"]
[EventCountry "USA"]
[SourceTitle "CB10_2024"]
[SourceDate "2024.03.06"]
[SourceVersion "1"]
[SourceVersionDate "2024.03.06"]
[SourceQuality "1"]

1. d4 d5 2. Nf3 Nf6 3. c4 c6 4. g3 dxc4 5. Bg2 b5 6. 0-0 Bb7 7. a4 e6 8. Ne5 a6 9. Nc3 Qb6 10. e4 Be7 11. Be3 Qc7 12. Bf4 Qc8 13. d5 cxd5 14. exd5 exd5 15. Nxd5 Nxd5 16. Bxd5 0-0 17. axb5 Rd8 18. Bxf7+ Kf8 19. Qh5 Nd7 20. Qxh7 Bf6 21. Qg8+ Ke7 22. Ng6# 1-0

[Event "Titled Tuesday intern op 01st Aug Late"]
[Site "Chess.com INT"]
[Date "2023.08.01"]
[Round "8"]
[White "Kanyamarala, Trisha"]
[Black "Da Matta, Eduardo Cesar"]
[Result "1-0"]
[WhiteElo "2344"]
[BlackElo "2047"]
[PlyCount "77"]
[EventDate "2023.08.01"]
[EventType "swiss (blitz)"]
[EventRounds "11"]
[EventCountry "USA"]
[SourceTitle "EXT 2024"]
[Source "ChessBase"]
[SourceDate "2023.10.10"]
[SourceVersion "1"]
[SourceVersionDate "2023.10.10"]
[SourceQuality "1"]

1. c4 c5 2. Nc3 Nc6 3. g3 g6 4. Bg2 Bg7 5. Nf3 d6 6. 0-0 e5 7. a3 a5 8. Ne1 Be6 9. d3 Nge7 10. Nc2 d5 11. cxd5 Nxd5 12. Ne4 b6 13. Ng5 Bc8 14. Ne3 Nde7 15. Qa4 Bd7 16. Qb3 0-0 17. Nc4 Rb8 18. Nd6 Nd4 19. Qd1 Ba4 20. Qxa4 Nxe2+ 21. Kh1 Qxd6 22. Be3 Nd4 23. Ne4 Qc7 24. b4 Nd5 25. bxc5 bxc5 26. Rac1 Nxe3 27. fxe3 Nb3 28. Rc2 f5 29. Ng5 Qd8 30. Qc4+ Kh8 31. Ne6 Qd6 32. Nxf8 Bxf8 33. Rb2 a4 34. Qxa4 Qxd3 35. Qa7 Rd8 36. Qc7 e4 37. Rxb3 Rd7 38. Qe5+ Bg7 39. Qe8+ 1-0

[Event "Titled Tuesday intern op 18th Jul Early"]
[Site "Chess.com INT"]
[Date "2023.07.18"]
[Round "2"]
[White "Nagare, Kaivalya Sandip"]
[Black "Da Matta, Eduardo Cesar"]
[Result "1-0"]
[WhiteElo "2071"]
[BlackElo "2047"]
[PlyCount "107"]
[EventDate "2023.07.18"]
[EventType "swiss (blitz)"]
[EventRounds "11"]
[EventCountry "USA"]
[SourceTitle "EXT 2024"]
[Source "ChessBase"]
[SourceDate "2023.10.10"]
[SourceVersion "1"]
[SourceVersionDate "2023.10.10"]
[SourceQuality "1"]

1. e4 c5 2. Nf3 d6 3. d4 cxd4 4. Nxd4 Nf6 5. Nc3 Nc6 6. Bg5 e6 7. Qd2 a6 8. 0-0-0 Bd7 9. Kb1 Be7 10. f3 Nxd4 11. Qxd4 h5 12. Qd2 b5 13. h4 b4 14. Ne2 a5 15. Nd4 a4 16. Nb5 Bxb5 17. Bxb5+ Kf8 18. e5 dxe5 19. Qxd8+ Rxd8 20. Rxd8+ Bxd8 21. Bxa4 Be7 22. Rd1 Nd5 23. Bb3 Bxg5 24. hxg5 Ke7 25. Bxd5 Rd8 26. f4 exd5 27. fxe5 Ke6 28. Rf1 Rd7 29. a4 bxa3 30. bxa3 Kxe5 31. Kb2 Ke4 32. a4 Rb7+ 33. Kc3 d4+ 34. Kd2 Ra7 35. g3 Ke5 36. Ra1 Kf5 37. Kd3 Kxg5 38. Kxd4 Kg4 39. c4 Kxg3 40. Kc5 h4 41. Kb6 Ra8 42. c5 h3 43. a5 h2 44. a6 g5 45. Kb7 Rh8 46. c6 h1Q 47. Rxh1 Rxh1 48. c7 Rb1+ 49. Kc6 Rc1+ 50. Kd7 Rd1+ 51. Ke8 Re1+ 52. Kf8 Rc1 53. a7 Rxc7 54. a8Q 1-0

[Event "Titled Tuesday intern op 11th Jul Late"]
[Site "Chess.com INT"]
[Date "2023.07.11"]
[Round "4"]
[White "Da Matta, Eduardo Cesar"]
[Black "Lutz, Igor Oscar"]
[Result "1-0"]
[WhiteElo "2047"]
[BlackElo "1947"]
[PlyCount "125"]
[EventDate "2023.07.11"]
[EventType "swiss (blitz)"]
[EventRounds "11"]
[EventCountry "USA"]
[SourceTitle "EXT 2024"]
[Source "ChessBase"]
[SourceDate "2023.10.10"]
[SourceVersion "1"]
[SourceVersionDate "2023.10.10"]
[SourceQuality "1"]

1. d4 d5 2. c4 c6 3. cxd5 cxd5 4. Nc3 Nf6 5. Nf3 Nc6 6. e3 Bf5 7. Ne5 Rc8 8. Bb5 a6 9. Bd3 Bxd3 10. Qxd3 e6 11. 0-0 Nxe5 12. dxe5 Nd7 13. f4 Bc5 14. Ne2 Ba7 15. Nd4 Nc5 16. Qa3 Ne4 17. Nf3 Qe7 18. Qa4+ Qd7 19. Qa3 Bc5 20. Qd3 0-0 21. Nd2 Nxd2 22. Bxd2 Ba7 23. Bc3 Rc7 24. Rad1 Rfc8 25. f5 b5 26. f6 g6 27. Kh1 Bc5 28. e4 b4 29. Be1 d4 30. Bf2 Rd8 31. h4 Qc6 32. Rc1 Qb5 33. Rfd1 Qxd3 34. Rxd3 Bb6 35. Rxc7 Bxc7 36. Rxd4 Rxd4 37. Bxd4 Kf8 38. Kg1 Ke8 39. Kf1 Kd7 40. Ke2 Kc6 41. Kd3 Kb5 42. b3 a5 43. Ke3 a4 44. Kf4 axb3 45. axb3 Kc6 46. Kg5 Bb6 47. Bb2 Be3+ 48. Kg4 Kc5 49. Kf3 Bd4 50. Bc1 Bc3 51. Kf4 Kd4 52. Be3+ Kd3 53. Bc5 Kc2 54. Kg5 Kxb3 55. Kh6 Kc4 56. Bxb4 Bxb4 57. Kxh7 Bf8 58. Kg8 Bc5 59. Kxf7 Kd4 60. Kxe6 Kxe4 61. f7 Kf4 62. Kf6 Bf8 63. e6 1-0

[Event "Titled Tuesday intern op 11th Jul Late"]
[Site "Chess.com INT"]
[Date "2023.07.11"]
[Round "6"]
[White "Luong, Phuong Hanh"]
[Black "Da Matta, Eduardo Cesar"]
[Result "0-1"]
[WhiteElo "2100"]
[BlackElo "2047"]
[PlyCount "54"]
[EventDate "2023.07.11"]
[EventType "swiss (blitz)"]
[EventRounds "11"]
[EventCountry "USA"]
[SourceTitle "EXT 2024"]
[Source "ChessBase"]
[SourceDate "2023.10.10"]
[SourceVersion "1"]
[SourceVersionDate "2023.10.10"]
[SourceQuality "1"]

1. d4 d5 2. c4 c6 3. Nf3 Nf6 4. Qc2 e6 5. g3 Nbd7 6. Bg2 Bd6 7. 0-0 0-0 8. Nbd2 b6 9. e4 dxe4 10. Nxe4 Be7 11. Rd1 Bb7 12. Ne5 Nxe4 13. Bxe4 Qc8 14. Bxh7+ Kh8 15. Be4 c5 16. Nxd7 Bxe4 17. Qxe4 Qxd7 18. Bf4 cxd4 19. Rxd4 Qa4 20. b3 Qb4 21. Bd6 Bxd6 22. a3 Qc5 23. b4 Qe5 24. Qd3 Be7 25. Rd1 Rad8 26. Qc3 Rxd4 27. Rxd4 Bf6 0-1

[Event "Titled Tuesday intern op 11th Jul Late"]
[Site "Chess.com INT"]
[Date "2023.07.11"]
[Round "3"]
[White "Zubarev, Alexander2222"]
[Black "Da Matta, Eduardo Cesar"]
[Result "1-0"]
[WhiteElo "2372"]
[BlackElo "2047"]
[PlyCount "89"]
[EventDate "2023.07.11"]
[EventType "swiss (blitz)"]
[EventRounds "11"]
[EventCountry "USA"]
[SourceTitle "EXT 2024"]
[Source "ChessBase"]
[SourceDate "2023.10.10"]
[SourceVersion "1"]
[SourceVersionDate "2023.10.10"]
[SourceQuality "1"]

1. e4 c5 2. Nc3 e6 3. d4 cxd4 4. Qxd4 Nc6 5. Qd3 Nf6 6. Bf4 Bb4 7. 0-0-0 0-0 8. Bd6 Bxd6 9. Qxd6 Qa5 10. f4 Qb4 11. Qxb4 Nxb4 12. a3 Nc6 13. Nf3 Ng4 14. Rd2 Ne3 15. Bb5 a6 16. Bxc6 bxc6 17. b3 Ng4 18. h3 Nf6 19. Ne5 Ra7 20. Rhd1 Nh5 21. Rf2 Rc7 22. Rd6 Nf6 23. Rfd2 Ne8 24. Rxd7 Bxd7 25. Nxd7 Nf6 26. Nxf8 Kxf8 27. Rd8+ Ke7 28. Ra8 Nh5 29. Ne2 e5 30. f5 Nf4 31. Nxf4 exf4 32. Rxa6 Kf6 33. Ra5 c5 34. Kd2 Ke5 35. Ra4 Rd7+ 36. Ke2 Rd4 37. Rxd4 Kxd4 38. Kf3 Kc3 39. a4 Kxc2 40. a5 Kxb3 41. a6 c4 42. a7 c3 43. a8Q c2 44. Qa1 c1Q 45. Qxc1 1-0

[Event "Titled Tuesday intern op 16th May Early"]
[Site "Chess.com INT"]
[Date "2023.05.16"]
[Round "3"]
[White "Fiorito, Joaquin"]
[Black "Da Matta, Eduardo Cesar"]
[Result "1-0"]
[WhiteElo "2405"]
[BlackElo "2047"]
[PlyCount "60"]
[EventDate "2023.05.16"]
[EventType "swiss (blitz)"]
[EventRounds "11"]
[EventCountry "USA"]
[SourceTitle "CBM 214 Extra"]
[Source "ChessBase"]
[SourceDate "2023.07.31"]
[SourceVersion "1"]
[SourceVersionDate "2023.07.31"]
[SourceQuality "1"]

1. d4 d5 2. c4 c6 3. Nc3 Nf6 4. Nf3 dxc4 5. a4 Bf5 6. Ne5 e6 7. Nxc4 Bb4 8. e3 0-0 9. f3 Bg6 10. e4 Nbd7 11. Be3 Qe7 12. Be2 e5 13. dxe5 Nxe5 14. Nxe5 Qxe5 15. Qd4 Qe7 16. 0-0 Rfd8 17. Qc4 a6 18. a5 Nd7 19. Ra4 Bd6 20. f4 Nc5 21. f5 Nxa4 22. Qxa4 Qh4 23. e5 Qxa4 24. Nxa4 Bxe5 25. fxg6 hxg6 26. Bc4 Bf6 27. Nb6 Rab8 28. Bf4 Bd4+ 29. Kh1 Bxb6 30. Bxb8 Bxa5 1-0

[Event "Titled Tuesday intern op 08th Nov Late"]
[Site "Chess.com INT"]
[Date "2022.11.08"]
[Round "4"]
[White "Coleman, Maxx W"]
[Black "Da Matta, Eduardo Cesar"]
[Result "1-0"]
[WhiteElo "2242"]
[BlackElo "2047"]
[PlyCount "101"]
[EventDate "2022.11.08"]
[EventType "swiss (blitz)"]
[EventRounds "11"]
[EventCountry "USA"]
[SourceTitle "EXT 2024"]
[Source "ChessBase"]
[SourceDate "2023.10.10"]
[SourceVersion "1"]
[SourceVersionDate "2023.10.10"]
[SourceQuality "1"]

1. b3 d5 2. Bb2 Bf5 3. e3 e6 4. Nf3 h6 5. d4 Nf6 6. Bd3 Bxd3 7. cxd3 Bb4+ 8. Nbd2 0-0 9. 0-0 Nbd7 10. a3 Bd6 11. e4 dxe4 12. dxe4 Bf4 13. g3 Bxd2 14. Nxd2 c5 15. Qe2 cxd4 16. Bxd4 Nb6 17. Be3 Rc8 18. Rac1 Qd7 19. Bxb6 axb6 20. Nc4 Qc6 21. Qe3 Qxe4 22. Qxb6 Rc6 23. Qb5 Rfc8 24. Rce1 Qc2 25. Qxb7 Ne4 26. Ne5 Nd2 27. Qxf7+ Kh7 28. Re2 Rc5 29. Rxd2 Qxd2 30. Qg6+ Kg8 31. Qxe6+ Kh7 32. Qg6+ Kg8 33. Qf7+ Kh7 34. Ng4 Qd6 35. Re1 Qg6 36. Qf3 Rc1 37. Rxc1 Rxc1+ 38. Kg2 h5 39. Ne5 Qf6 40. Qxh5+ Kg8 41. Qe8+ Kh7 42. Qh5+ Kg8 43. Qe2 Qe6 44. b4 Rc3 45. a4 Rb3 46. b5 Rb4 47. a5 Qd5+ 48. Nf3 Re4 49. Qb2 Rc4 50. b6 Rd4 51. Qxd4 1-0

[Event "Titled Tuesday intern op 08th Nov Late"]
[Site "Chess.com INT"]
[Date "2022.11.08"]
[Round "1"]
[White "Sourath, Biswas"]
[Black "Da Matta, Eduardo Cesar"]
[Result "1-0"]
[WhiteElo "2264"]
[BlackElo "2047"]
[PlyCount "75"]
[EventDate "2022.11.08"]
[EventType "swiss (blitz)"]
[EventRounds "11"]
[EventCountry "USA"]
[SourceTitle "EXT 2024"]
[Source "ChessBase"]
[SourceDate "2023.10.10"]
[SourceVersion "1"]
[SourceVersionDate "2023.10.10"]
[SourceQuality "1"]

1. d4 d5 2. Bf4 c5 3. e3 Nc6 4. Nf3 Bf5 5. c3 e6 6. Qb3 Qb6 7. Qxb6 axb6 8. Bb5 Nf6 9. Ne5 Rc8 10. Nxc6 bxc6 11. Ba6 Rd8 12. Bc7 Rd7 13. Bxb6 cxd4 14. cxd4 Bb4+ 15. Ke2 0-0 16. a3 Bd6 17. b4 e5 18. Nd2 exd4 19. Bxd4 Ng4 20. h3 Ne5 21. f4 Ng6 22. g4 Be4 23. Nxe4 dxe4 24. Rhc1 Bxf4 25. Rxc6 Be5 26. Rd1 Bxd4 27. Rxd4 Nf4+ 28. Kd2 Rxd4+ 29. exd4 Nxh3 30. Rc8 Nf2 31. Rxf8+ Kxf8 32. Bb7 e3+ 33. Kxe3 Nxg4+ 34. Kf4 Nf6 35. a4 Ke7 36. a5 Ne8 37. a6 Nc7 38. a7 1-0

[Event "Niteroi op 2nd"]
[Site "Niteroi"]
[Date "2022.09.07"]
[Round "9"]
[White "Nunes, Agatha Hurba"]
[Black "Da Matta, Eduardo Cesar"]
[Result "1/2-1/2"]
[WhiteElo "1777"]
[BlackElo "2038"]
[PlyCount "42"]
[EventDate "2022.09.01"]
[EventType "swiss"]
[EventRounds "9"]
[EventCountry "BRA"]
[SourceTitle "EXT 2024"]
[Source "ChessBase"]
[SourceDate "2023.10.10"]
[SourceVersion "1"]
[SourceVersionDate "2023.10.10"]
[SourceQuality "1"]

1. d4 d5 2. c4 c6 3. cxd5 cxd5 4. Nc3 Nf6 5. Nf3 Nc6 6. e3 Bf5 7. Ne5 Nd7 8. Nxc6 bxc6 9. Bd3 Bxd3 10. Qxd3 e6 11. 0-0 c5 12. b3 cxd4 13. exd4 Bd6 14. Nb5 Be7 15. Bf4 0-0 16. Rfc1 Qb6 17. Rc7 Rfd8 18. Rc2 Rdc8 19. Nc7 Rab8 20. Na6 Ra8 21. Nc7 Rab8 1/2-1/2

[Event "Niteroi op 2nd"]
[Site "Niteroi"]
[Date "2022.09.05"]
[Round "7"]
[White "Filgueiras, Nathan Felipe"]
[Black "Da Matta, Eduardo Cesar"]
[Result "1-0"]
[WhiteElo "2358"]
[BlackElo "2038"]
[PlyCount "61"]
[EventDate "2022.09.01"]
[EventType "swiss"]
[EventRounds "9"]
[EventCountry "BRA"]
[SourceTitle "CBM 210 Extra"]
[Source "ChessBase"]
[SourceDate "2022.11.30"]
[SourceVersion "1"]
[SourceVersionDate "2022.11.30"]
[SourceQuality "1"]

1. e4 c5 2. Nf3 d6 3. d4 cxd4 4. Nxd4 Nf6 5. Nc3 Nc6 6. Bg5 e6 7. Qd2 a6 8. 0-0-0 Bd7 9. f3 Nxd4 10. Qxd4 h5 11. Qd2 Be7 12. Bd3 b5 13. Ne2 a5 14. h3 b4 15. g4 Qc7 16. Kb1 a4 17. Be3 Bc6 18. Nd4 Nd7 19. g5 g6 20. f4 e5 21. Nxc6 Qxc6 22. Qe2 Rb8 23. f5 0-0 24. Bc4 Qxe4 25. Bd5 Qh4 26. fxg6 Kg7 27. gxf7 b3 28. axb3 axb3 29. Bxb3 Qe4 30. Qd3 Qb4 31. Qf5 1-0

[Event "Niteroi op 2nd"]
[Site "Niteroi"]
[Date "2022.09.02"]
[Round "3"]
[White "Terao, Juliana Sayumi"]
[Black "Da Matta, Eduardo Cesar"]
[Result "1-0"]
[WhiteElo "2240"]
[BlackElo "2038"]
[PlyCount "55"]
[EventDate "2022.09.01"]
[EventType "swiss"]
[EventRounds "9"]
[EventCountry "BRA"]
[SourceTitle "CBM 210 Extra"]
[Source "ChessBase"]
[SourceDate "2022.11.30"]
[SourceVersion "1"]
[SourceVersionDate "2022.11.30"]
[SourceQuality "1"]

1. e4 c5 2. Nf3 d6 3. c3 Nf6 4. h3 g6 5. Bd3 Bg7 6. Bc2 Nc6 7. 0-0 0-0 8. d4 Nd7 9. d5 Nce5 10. Nh2 b5 11. b3 Nb6 12. Be3 a5 13. Qd2 a4 14. Na3 Ba6 15. Rfd1 Rb8 16. Rac1 axb3 17. axb3 b4 18. cxb4 c4 19. b5 cxb3 20. Bxb3 Bb7 21. Qe2 f5 22. exf5 Rxf5 23. Nc2 Ned7 24. Nb4 Rc8 25. Nc6 Qf8 26. Bxb6 Nxb6 27. Nxe7+ Kh8 28. Nxf5 1-0

[Event "Bom Jesus do Itabapoana op 1st"]
[Site "Bom Jesus do Itabapoana"]
[Date "2021.08.29"]
[Round "6"]
[White "Lima, Stefan Moisei Vieir"]
[Black "Da Matta, Eduardo Cesar"]
[Result "0-1"]
[WhiteElo "1580"]
[BlackElo "2025"]
[PlyCount "68"]
[EventDate "2021.08.26"]
[EventType "swiss"]
[EventRounds "6"]
[EventCountry "BRA"]
[SourceTitle "CBM 204 Extra"]
[Source "ChessBase"]
[SourceDate "2021.11.30"]
[SourceVersion "1"]
[SourceVersionDate "2021.11.30"]
[SourceQuality "1"]

1. e4 c5 2. Nf3 e6 3. c4 Nc6 4. Nc3 Qc7 5. Be2 Nf6 6. 0-0 Be7 7. d4 cxd4 8. Nxd4 a6 9. Be3 0-0 10. Qd2 Ne5 11. Rac1 Neg4 12. Bf4 d6 13. Bxg4 Nxg4 14. h3 Ne5 15. b3 b6 16. Bg3 Bb7 17. f4 Nd7 18. f5 Nc5 19. Rfe1 h6 20. Qc2 Bf6 21. Rcd1 Be5 22. Bh4 Rae8 23. Qd2 Nd7 24. Nf3 Bxc3 25. Qxc3 exf5 26. exf5 Bxf3 27. Qxf3 Ne5 28. Qd5 Qc5+ 29. Bf2 Qc8 30. Qxd6 Qxf5 31. Rd5 f6 32. Qxb6 Qc2 33. Qxa6 Nd3 34. Rxe8 Qxf2+ 0-1

[Event "Bom Jesus do Itabapoana op 1st"]
[Site "Bom Jesus do Itabapoana"]
[Date "2021.08.27"]
[Round "2"]
[White "Simas, Breno Matos"]
[Black "Da Matta, Eduardo Cesar"]
[Result "1/2-1/2"]
[WhiteElo "1655"]
[BlackElo "2025"]
[PlyCount "55"]
[EventDate "2021.08.26"]
[EventType "swiss"]
[EventRounds "6"]
[EventCountry "BRA"]
[SourceTitle "CBM 204 Extra"]
[Source "ChessBase"]
[SourceDate "2021.11.30"]
[SourceVersion "1"]
[SourceVersionDate "2021.11.30"]
[SourceQuality "1"]

1. d4 d5 2. c4 e6 3. Nf3 Nf6 4. g3 Be7 5. Bg2 0-0 6. 0-0 dxc4 7. Qc2 a6 8. Qxc4 b5 9. Qc2 Bb7 10. Nbd2 Nbd7 11. a3 c5 12. dxc5 Nxc5 13. Rd1 Qb6 14. b4 Na4 15. Nc4 Qc7 16. Ne3 Qb6 17. Nc4 Qc7 18. Ne3 Rac8 19. Qxc7 Rxc7 20. Bd2 Ne4 21. Rac1 Rfc8 22. Rxc7 Rxc7 23. Rc1 Nac3 24. Bxc3 Rxc3 25. Rxc3 Nxc3 26. Nd4 Bxg2 27. Kxg2 Bf6 28. Nec2 1/2-1/2

[Event "Niteroi op 1st"]
[Site "Niteroi"]
[Date "2019.09.07"]
[Round "6"]
[White "Rangel, Daniel"]
[Black "Da Matta, Eduardo Cesar"]
[Result "1-0"]
[WhiteElo "2256"]
[BlackElo "2013"]
[PlyCount "70"]
[EventDate "2019.09.04"]
[EventType "swiss"]
[EventRounds "7"]
[EventCountry "BRA"]
[SourceTitle "EXT 2020"]
[Source "ChessBase"]
[SourceDate "2019.10.17"]
[SourceVersion "1"]
[SourceVersionDate "2019.10.17"]
[SourceQuality "1"]

1. e4 c5 2. Nf3 e6 3. Nc3 a6 4. g3 Nc6 5. Bg2 Be7 6. 0-0 d6 7. d4 cxd4 8. Nxd4 Bd7 9. a4 Nf6 10. Nb3 0-0 11. a5 Ne5 12. Nd2 Bc6 13. h3 d5 14. f4 Ng6 15. e5 Nd7 16. Nb3 Rc8 17. Kh2 Bb4 18. Qd4 Be7 19. Be3 Bb5 20. Nxb5 axb5 21. Qd2 b4 22. Nd4 Ra8 23. f5 Ngxe5 24. fxe6 Nf6 25. exf7+ Rxf7 26. Ne6 Qd7 27. Ng5 Rff8 28. Bd4 Nc4 29. Qd3 Ng4+ 30. hxg4 Bxg5 31. Bc5 Rfd8 32. Rf5 Nxb2 33. Qxd5+ Qxd5 34. Bxd5+ Rxd5 35. Rxd5 Bf6 1-0

[Event "Niteroi op 1st"]
[Site "Niteroi"]
[Date "2019.09.05"]
[Round "3"]
[White "Da Matta, Eduardo Cesar"]
[Black "Peixoto, Fernando Teodoro Ma"]
[Result "1-0"]
[WhiteElo "2013"]
[BlackElo "1585"]
[PlyCount "64"]
[EventDate "2019.09.04"]
[EventType "swiss"]
[EventRounds "7"]
[EventCountry "BRA"]
[SourceTitle "EXT 2020"]
[Source "ChessBase"]
[SourceDate "2019.10.17"]
[SourceVersion "1"]
[SourceVersionDate "2019.10.17"]
[SourceQuality "1"]

1. e4 c5 2. Nf3 d6 3. d4 cxd4 4. Nxd4 Nf6 5. Nc3 a6 6. Bd3 e5 7. Nde2 Be6 8. 0-0 Be7 9. Ng3 Nfd7 10. Nf5 Bf6 11. Nxd6+ Ke7 12. Nf5+ Ke8 13. Be3 g6 14. Ng3 Nc6 15. Nd5 Bg7 16. c3 f5 17. f4 exf4 18. Nxf4 Bf7 19. exf5 Nde5 20. Be2 Qc7 21. Ne6 Bxe6 22. fxe6 Rd8 23. Qb3 Na5 24. Qb4 Nac4 25. Bg5 Bf8 26. Qa4+ b5 27. Qxa6 Bc5+ 28. Kh1 Rb8 29. Ne4 Rb6 30. Nf6+ Ke7 31. Nd5+ Kd6 32. Nxc7 Rxa6 1-0

[Event "Rio de Janeiro Fexerj op"]
[Site "Rio de Janeiro"]
[Date "2019.06.08"]
[Round "5"]
[White "Soares, Joao Carlos TC"]
[Black "Da Matta, Eduardo Cesar"]
[Result "1-0"]
[WhiteElo "2073"]
[BlackElo "1978"]
[PlyCount "69"]
[EventDate "2019.06.01"]
[EventType "swiss"]
[EventRounds "6"]
[EventCountry "BRA"]
[SourceTitle "CBM 190 Extra"]
[Source "ChessBase"]
[SourceDate "2019.07.15"]
[SourceVersion "1"]
[SourceVersionDate "2019.07.15"]
[SourceQuality "1"]

1. c4 c5 2. Nc3 Nc6 3. g3 g6 4. Bg2 Bg7 5. e3 e5 6. Nge2 Nge7 7. 0-0 0-0 8. b3 d6 9. Bb2 Be6 10. Nd5 f5 11. d4 e4 12. Nef4 Bf7 13. a3 Nxd5 14. Nxd5 b5 15. f3 bxc4 16. bxc4 Rb8 17. Bc3 exf3 18. Bxf3 Na5 19. Qa4 Nb3 20. Rad1 cxd4 21. exd4 a5 22. c5 dxc5 23. dxc5 Bxc3 24. Nxc3 Qe7 25. Nd5 Qxc5+ 26. Kg2 Kg7 27. Qf4 Rfe8 28. h4 Rbd8 29. Nc7 Rf8 30. h5 Nd4 31. h6+ Kg8 32. Rc1 Qxa3 33. Qe5 Qb2+ 34. Rf2 Nxf3 35. Qxb2 1-0

[Event "Rio de Janeiro Fexerj op"]
[Site "Rio de Janeiro"]
[Date "2019.06.02"]
[Round "3"]
[White "Da Matta, Eduardo Cesar"]
[Black "Fernandes, Felipe Gambini"]
[Result "1-0"]
[WhiteElo "1978"]
[BlackElo "1801"]
[PlyCount "49"]
[EventDate "2019.06.01"]
[EventType "swiss"]
[EventRounds "6"]
[EventCountry "BRA"]
[SourceTitle "CBM 190 Extra"]
[Source "ChessBase"]
[SourceDate "2019.07.15"]
[SourceVersion "1"]
[SourceVersionDate "2019.07.15"]
[SourceQuality "1"]

1. e4 c6 2. d4 d5 3. exd5 cxd5 4. c4 e6 5. Nc3 Nf6 6. Nf3 Be7 7. Bd3 0-0 8. 0-0 a6 9. c5 Nc6 10. a3 b6 11. b4 bxc5 12. bxc5 Qc7 13. Bg5 e5 14. Bxf6 Bxf6 15. Nxd5 Qd8 16. Nxf6+ Qxf6 17. d5 Nd4 18. Nxd4 exd4 19. Be4 Rd8 20. Qd3 h5 21. Rfd1 Rb8 22. Qxd4 Qg5 23. c6 Rd6 24. f4 Qg4 25. Qe5 1-0

[Event "Rio de Janeiro Fexerj op"]
[Site "Rio de Janeiro"]
[Date "2019.06.02"]
[Round "4"]
[White "Da Matta, Eduardo Cesar"]
[Black "Limp, Eduardo Thelio"]
[Result "1-0"]
[WhiteElo "1978"]
[BlackElo "2377"]
[PlyCount "43"]
[EventDate "2019.06.01"]
[EventType "swiss"]
[EventRounds "6"]
[EventCountry "BRA"]
[SourceTitle "CBM 190 Extra"]
[Source "ChessBase"]
[SourceDate "2019.07.15"]
[SourceVersion "1"]
[SourceVersionDate "2019.07.15"]
[SourceQuality "1"]

1. e4 c5 2. Nf3 Nc6 3. d4 cxd4 4. Nxd4 e6 5. Nc3 Qc7 6. f4 a6 7. Nxc6 Qxc6 8. Bd3 Nf6 9. Qe2 d5 10. exd5 Nxd5 11. Nxd5 Qxd5 12. Be4 Qb5 13. Bd3 Qb6 14. Be3 Bc5 15. Bxc5 Qxc5 16. 0-0-0 0-0 17. Rhf1 Ra7 18. Rf3 b5 19. g4 Bb7 20. Rh3 Bd5 21. Bxh7+ Kh8 22. g5 1-0

[Event "Rio de Janeiro Padua Memorial 3rd"]
[Site "Rio de Janeiro"]
[Date "2018.11.03"]
[Round "4"]
[White "Hubner, Jessica Trindade"]
[Black "Da Matta, Eduardo Cesar"]
[Result "0-1"]
[WhiteElo "2043"]
[BlackElo "1928"]
[PlyCount "52"]
[EventDate "2018.11.02"]
[EventType "swiss"]
[EventRounds "6"]
[EventCountry "BRA"]
[SourceTitle "CBM 187 Extra"]
[Source "ChessBase"]
[SourceDate "2018.11.04"]
[SourceVersion "1"]
[SourceVersionDate "2018.11.04"]
[SourceQuality "1"]

1. e4 c5 2. Nf3 e6 3. d4 cxd4 4. Nxd4 Nc6 5. Nc3 Qc7 6. Be3 a6 7. Be2 Nf6 8. 0-0 Bb4 9. Nxc6 bxc6 10. Bd2 Be7 11. Bd3 d5 12. exd5 cxd5 13. Rb1 0-0 14. h3 e5 15. Bg5 Be6 16. Be2 Rfd8 17. Bxf6 Bxf6 18. a3 d4 19. Ne4 Be7 20. Nd2 f5 21. f3 Bg5 22. Bd3 Be3+ 23. Kh1 Qe7 24. Nc4 Bf4 25. Qe2 Qh4 26. Qf2 Bg3 0-1

[Event "BRA-ch Amateur U2000"]
[Site "Sao Paulo"]
[Date "2018.06.02"]
[Round "6"]
[White "Goncalves, Marcus Vinicius M"]
[Black "Da Matta, Eduardo Cesar"]
[Result "1/2-1/2"]
[WhiteElo "1960"]
[BlackElo "1890"]
[PlyCount "86"]
[EventDate "2018.05.31"]
[EventType "swiss"]
[EventRounds "7"]
[EventCountry "BRA"]
[SourceTitle "EXT 2021"]
[Source "ChessBase"]
[SourceDate "2020.10.23"]
[SourceVersion "1"]
[SourceVersionDate "2020.10.23"]
[SourceQuality "1"]

1. d4 Nf6 2. c4 g6 3. Nc3 d5 4. Nf3 Bg7 5. g3 0-0 6. cxd5 Nxd5 7. Bg2 Nb6 8. 0-0 Nc6 9. e3 Re8 10. b3 a5 11. Bb2 a4 12. bxa4 Na5 13. Rc1 Nac4 14. Ba1 Bg4 15. h3 Bxf3 16. Bxf3 c6 17. Ne4 e5 18. dxe5 Nxe5 19. Nc5 Nxf3+ 20. Qxf3 Bxa1 21. Rxa1 Qe7 22. Rfc1 Nxa4 23. Nxa4 Rxa4 24. Rc2 Rea8 25. Qe2 c5 26. Rac1 b6 27. Rb1 R8a6 28. Rbb2 Qe6 29. Kh2 c4 30. Rc3 Qc6 31. Rd2 Ra8 32. e4 b5 33. e5 Re8 34. f4 f6 35. Re3 fxe5 36. Rxe5 Raa8 37. a3 c3 38. Rc2 Rxe5 39. Qxe5 Re8 40. Rxc3 Qd7 41. Rd3 Qxd3 42. Qxe8+ Kg7 43. Qe7+ Kg8 1/2-1/2